000 00465nam a22001817a 4500
003 CEME
005 20210628201736.0
008 210201b xxu||||| |||| 00| 0 eng d
020 _a0-340-79617-0
040 _c.
082 _a823.008 BLY
100 _aBlyton, Enid
_911689
245 _aThe famous five:five run away together
260 _aLONDON
_bAWARD PUBLICATION
_c2001
300 _a248P
650 _aENGLISH LITERATURE-STORIES
_91860
942 _cBK
_2ddc
999 _c566995
_d566995